Instructor's resource book to accompany Planning for teaching; an introduction to education

Saved in:
Bibliographic Details
Main Author: Richey, Robert W. (Robert William), 1912-
Format: Book
Language:English
Published: New York, McGraw-Hill c1973.
Edition:5th ed.
Subjects:
LEADER 00875nam a2200229 a 4500
001 c000413813
003 CARM
005 00000000000000.0
008 990810s1973 nyua b 000 0 eng
019 1 |a 20403945 
040 |a VDU  |b eng  |c VDU 
082 0 4 |a 371.10023  |2 21 
100 1 |a Richey, Robert W.  |q (Robert William),  |d 1912- 
245 1 0 |a Instructor's resource book to accompany Planning for teaching;  |b an introduction to education  |c [by] Robert W. Richey. 
250 |a 5th ed. 
260 |a New York,  |b McGraw-Hill  |c c1973. 
300 |a 166 p. ;  |c 25 cm. 
504 |a Includes bibliographies. 
650 0 |a Teaching  |x Vocational guidance. 
852 8 |b CARM  |h A3:AF31B0  |i B11951  |p 0570257  |f BK 
999 f f |i bf843429-a8d9-5c7d-970a-1618c47d5d6f  |s 2386ce78-6390-5771-b8f7-38cec53b2e73 
952 f f |p Can circulate  |a CAVAL  |b CAVAL  |c CAVAL  |d CARM 1 Store  |e B11951  |f A3:AF31B0  |h Other scheme  |i book  |m 0570257